Statistics for The Same Prefixes - Geography

Click here to take the quiz!

General Stats

  • This quiz has been taken 1,036 times
  • The average score is 17 of 20

Answer Stats

CluesSuffix% Correct
____ippines, ____adelphiaPhil
98%
___issippi, ___ouriMiss
97%
___grade, ___giumBel
97%
___chnia. ___rnobylChe
97%
___hattan, ___itobaMan
97%
___alya, ___arcticAnt
96%
______mas Island, ______churchChrist
96%
____utal, ____landPort
95%
___ary Islands, ___adaCan
94%
___bridge,___eroonCam
94%
___nidad, ___poliTri
92%
___onesia, ___ianaInd
91%
____itius, ____itaniaMaur
89%
___castle, ___arkNew
85%
____errey, ____realMont
82%
____sor, ____hoekWind
80%
____atoa, ____owKrak
66%
___icia, ___ileeGal
59%
____tze, ____onYang
55%
__ine, __oneRh
13%

Score Distribution

Percentile by Number Answered

Percent of People with Each Score

Your Score History

You have not taken this quiz